Response of some Sri Lankan rubber clones to gaseous stimulation in tapping: A preliminary investigation (Record no. 66871)

MARC details
000 -LEADER
fixed length control field 00562nam a2200157Ia 4500
100 ## - MAIN ENTRY--AUTHOR NAME
Personal name Rodrigo V H L
245 #0 - TITLE STATEMENT
Title Response of some Sri Lankan rubber clones to gaseous stimulation in tapping: A preliminary investigation
260 ## - PUBLICATION, DISTRIBUTION, ETC. (IMPRINT)
Name of publisher Preprints of Papers. International Natural Rubber Conference 13-14 November 2006, Vietnam, pp.74-87.
650 ## - SUBJECT ADDED ENTRY--TOPICAL TERM
Topical Term Ethylene
650 ## - SUBJECT ADDED ENTRY--TOPICAL TERM
Topical Term Gaseous stimulation
650 ## - SUBJECT ADDED ENTRY--TOPICAL TERM
Topical Term Low frequency tapping
700 ## - ADDED ENTRY--PERSONAL NAME
Personal name Kudaligama K V V S
700 ## - ADDED ENTRY--PERSONAL NAME
Personal name Samarasekera R K
942 ## - ADDED ENTRY ELEMENTS (KOHA)
Koha item type Journals
Holdings
Withdrawn status Lost status Damaged status Not for loan Home library Current library Shelving location Date acquired Koha item type
      Journals RRII Library RRII Library Plant physiology 01/01/2021 Journals